[Event "Titled Tuesday intern op 22nd Sept"]
[Site "Chess.com INT"]
[Date "2020.09.22"]
[Round "8"]
[White "Klekowski, Maciej"]
[Black "Zhigalko, Sergei"]
[Result "0-1"]
[WhiteElo "2511"]
[BlackElo "2572"]
[PlyCount "82"]
[EventDate "2020.09.22"]
[EventType "swiss (blitz)"]
[EventRounds "10"]
[EventCountry "USA"]
[SourceTitle "CBM 198 Extra"]
[Source "ChessBase"]
[SourceDate "2020.11.30"]
[SourceVersion "1"]
[SourceVersionDate "2020.11.30"]
[SourceQuality "1"]

1. g4 d5 2. e3 e5 3. Bg2 c6 4. h3 Bd6 5. b3 Ne7 6. Bb2 Ng6 7. d4 e4 8. c4 Nh4 9. Bf1 O-O 10. Nc3 Be6 11. Qd2 f5 12. O-O-O Nd7 13. Kb1 Qe7 14. Be2 fxg4 15. Bxg4 Rf7 16. cxd5 cxd5 17. Rc1 Raf8 18. Nd1 Nf6 19. Bxe6 Qxe6 20. Qa5 a6 21. Ba3 h6 22. Ne2 Bxa3 23. Qxa3 Nh5 24. Nec3 Nf3 25. Na4 Qg6 26. Ndc3 Qg5 27. Rc2 Nh4 28. Qb2 Qg2 29. Rhc1 Nf6 30. Nb6 Rd8 31. b4 Qxh3 32. Qb3 Qf5 33. a4 Nf3 34. b5 a5 35. Ne2 Nh5 36. Ka2 Kh7 37. Rc7 Rxc7 38. Rxc7 Nd2 39. Qc2 Nc4 40. Nxc4 dxc4 41. f4 Nf6 0-1

[Event "Titled Tuesday intern op 22nd Sept"]
[Site "Chess.com INT"]
[Date "2020.09.22"]
[Round "9"]
[White "Zhigalko, Sergei"]
[Black "Darini, Pouria"]
[Result "1-0"]
[WhiteElo "2572"]
[BlackElo "2432"]
[PlyCount "112"]
[EventDate "2020.09.22"]
[EventType "swiss (blitz)"]
[EventRounds "10"]
[EventCountry "USA"]
[SourceTitle "CBM 198 Extra"]
[Source "ChessBase"]
[SourceDate "2020.11.30"]
[SourceVersion "1"]
[SourceVersionDate "2020.11.30"]
[SourceQuality "1"]

1. e4 c5 2. Nf3 d6 3. d4 cxd4 4. Qxd4 Nf6 5. Nc3 Nc6 6. Bb5 Bd7 7. Bxc6 Bxc6 8. Bg5 e6 9. O-O-O Be7 10. Rhe1 Qb6 11. Qd2 h6 12. Bh4 O-O 13. Nd4 Rfd8 14. Kb1 Rac8 15. f3 Be8 16. Bf2 Qa6 17. g4 d5 18. e5 Nd7 19. Nb3 Bb4 20. Bd4 Nb6 21. Qf2 Na4 22. Nxa4 Bxe1 23. Rxe1 Qxa4 24. h4 Qc4 25. Bxa7 d4 26. Bxd4 Ba4 27. Re4 Bc6 28. Re1 Qd5 29. f4 Qf3 30. Qxf3 Bxf3 31. g5 hxg5 32. hxg5 Bg4 33. c3 Bf5+ 34. Kc1 Ra8 35. a3 Rac8 36. Kd2 Kh7 37. Re2 Kg6 38. Rf2 Be4 39. Ke3 Bd5 40. Nc5 b6 41. Na4 b5 42. Nb6 Rc6 43. Rh2 Kf5 44. Nxd5 Rxd5 45. Rh8 Kg6 46. Re8 Rc4 47. Rb8 Rc6 48. Ke4 Rc4 49. Re8 Rc6 50. Rg8 Kh7 51. Rf8 Rd7 52. Rb8 Rd5 53. f5 Rc7 54. g6+ fxg6 55. fxe6 Rxd4+ 56. cxd4 g5 1-0

[Event "Titled Tuesday intern op 22nd Sept"]
[Site "Chess.com INT"]
[Date "2020.09.22"]
[Round "10"]
[White "Artemiev, Vladislav"]
[Black "Zhigalko, Sergei"]
[Result "0-1"]
[WhiteElo "2716"]
[BlackElo "2572"]
[PlyCount "154"]
[EventDate "2020.09.22"]
[EventType "swiss (blitz)"]
[EventRounds "10"]
[EventCountry "USA"]
[SourceTitle "CBM 198 Extra"]
[Source "ChessBase"]
[SourceDate "2020.11.30"]
[SourceVersion "1"]
[SourceVersionDate "2020.11.30"]
[SourceQuality "1"]

1. d4 Nf6 2. Nf3 e6 3. Bg5 h6 4. Bh4 b6 5. Nbd2 Bb7 6. e3 Be7 7. Bd3 O-O 8. O-O d6 9. c3 Nbd7 10. Re1 c5 11. e4 Nh5 12. Bxe7 Qxe7 13. g3 cxd4 14. cxd4 Nhf6 15. Rc1 Rfc8 16. Qa4 a6 17. Qa3 Qf8 18. b3 d5 19. Qxf8+ Kxf8 20. e5 Ne8 21. Nh4 Rxc1 22. Rxc1 Rc8 23. Rxc8 Bxc8 24. f4 Nc7 25. Kf2 a5 26. f5 Ba6 27. Bc2 Nb8 28. Ke3 Nc6 29. Ndf3 Nb5 30. fxe6 fxe6 31. a4 Nc3 32. Bg6 Nb4 33. Kd2 Ne4+ 34. Ke3 Nc3 35. Ng2 Nd1+ 36. Kd2 Nf2 37. Nf4 Ke7 38. Ke3 Ng4+ 39. Kd2 Nf2 40. Bh5 Ne4+ 41. Kd1 Nc3+ 42. Ke1 g5 43. Ng6+ Kd8 44. h4 Be2 45. hxg5 hxg5 46. Kd2 Bxf3 47. Bxf3 Ne4+ 48. Bxe4 dxe4 49. Ke3 Ke8 50. g4 Kf7 51. Nf4 gxf4+ 52. Kxf4 Kg6 53. Kxe4 Kg5 54. Kf3 Nd5 55. Kg3 Nb4 56. Kf3 Kh4 57. Kf4 Nd5+ 58. Kf3 Kg5 59. Kg3 Ne7 60. Kf3 Kh6 61. Kf4 Kg6 62. Ke4 Nd5 63. Kf3 Nc3 64. Kf4 b5 65. axb5 Nxb5 66. Ke4 Nc7 67. Kf4 Nd5+ 68. Ke4 Kg5 69. Kf3 Nb4 70. Ke3 Kxg4 71. Kd2 Kf4 72. Kc3 Ke4 73. Kc4 Nc6 74. d5 exd5+ 75. Kb5 Nxe5 76. Kxa5 d4 77. b4 Nc6+ 0-1

[Event "Titled Tuesday intern op 22nd Sept f"]
[Site "Chess.com INT"]
[Date "2020.09.22"]
[Round "1.1"]
[White "Nepomniachtchi, Ian"]
[Black "Zhigalko, Sergei"]
[Result "1-0"]
[WhiteElo "2784"]
[BlackElo "2572"]
[PlyCount "103"]
[EventDate "2020.09.22"]
[EventType "k.o. (blitz)"]
[EventRounds "3"]
[EventCountry "USA"]
[SourceTitle "CBM 198 Extra"]
[Source "ChessBase"]
[SourceDate "2020.11.30"]
[SourceVersion "1"]
[SourceVersionDate "2020.11.30"]
[SourceQuality "1"]

1. b3 e5 2. Bb2 d6 3. e4 Nf6 4. Nc3 Be7 5. g3 O-O 6. Bg2 c5 7. f4 Nc6 8. Nf3 Bg4 9. O-O Nd4 10. d3 b5 11. Ne2 Rc8 12. Bxd4 cxd4 13. Qd2 Qc7 14. Rac1 Nd7 15. h3 Bxf3 16. Bxf3 Nc5 17. Bg4 Rcd8 18. c3 Qb6 19. cxd4 exd4 20. Kh2 Bf6 21. h4 a5 22. Bh3 Rfe8 23. Ng1 b4 24. Nf3 a4 25. Qd1 axb3 26. axb3 Ra8 27. Rf2 Ra3 28. e5 dxe5 29. fxe5 Bxe5 30. Re2 f6 31. Qc2 Nxb3 32. Qc4+ Kh8 33. Qf7 Qb8 34. Nxe5 fxe5 35. Rc7 Rg8 36. Be6 e4 37. Bxb3 e3 38. Rb7 Qc8 39. Be6 Qd8 40. Qxg8+ Qxg8 41. Bxg8 Kxg8 42. Rxb4 Rxd3 43. Kg2 h5 44. Kf3 Rd1 45. Ke4 d3 46. Rxe3 d2 47. Rd4 Rf1 48. Rxd2 Rf7 49. Rd5 Re7+ 50. Re5 Ra7 51. Rxh5 Ra4+ 52. Kf3 1-0

[Event "Speed Chess Super Swiss"]
[Site "Chess.com INT"]
[Date "2020.10.03"]
[Round "1"]
[White "Zhigalko, Sergei"]
[Black "Mukhutdinov, Tigran"]
[Result "1-0"]
[WhiteElo "2572"]
[BlackElo "2286"]
[PlyCount "39"]
[EventDate "2020.10.03"]
[EventType "swiss (blitz)"]
[EventRounds "15"]
[EventCountry "USA"]
[SourceTitle "CBM 198 Extra"]
[Source "ChessBase"]
[SourceDate "2020.11.30"]
[SourceVersion "1"]
[SourceVersionDate "2020.11.30"]
[SourceQuality "1"]

1. e4 c5 2. Nf3 Nc6 3. c3 Nf6 4. e5 Nd5 5. Bc4 Nb6 6. Bb3 c4 7. Bc2 d5 8. exd6 Qxd6 9. O-O Bg4 10. Re1 O-O-O 11. b3 Qf6 12. Be4 e6 13. Na3 Bxa3 14. Bxa3 Ne5 15. Bc5 Ned7 16. Bd4 e5 17. Be3 Qe6 18. h3 Bxf3 19. Qxf3 Nf6 20. Bf5 1-0

[Event "Speed Chess Super Swiss"]
[Site "Chess.com INT"]
[Date "2020.10.03"]
[Round "2"]
[White "Colas, Joshua"]
[Black "Zhigalko, Sergei"]
[Result "0-1"]
[WhiteElo "2255"]
[BlackElo "2572"]
[PlyCount "132"]
[EventDate "2020.10.03"]
[EventType "swiss (blitz)"]
[EventRounds "15"]
[EventCountry "USA"]
[SourceTitle "CBM 198 Extra"]
[Source "ChessBase"]
[SourceDate "2020.11.30"]
[SourceVersion "1"]
[SourceVersionDate "2020.11.30"]
[SourceQuality "1"]

1. Nf3 d5 2. c4 d4 3. b4 Bg4 4. Qb3 Nf6 5. g3 Bxf3 6. Qxf3 e5 7. Qxb7 Nbd7 8. b5 Bc5 9. Bg2 Rb8 10. Qa6 O-O 11. Qa4 e4 12. O-O Re8 13. d3 e3 14. fxe3 Ng4 15. e4 Nde5 16. Bf4 Rb6 17. h3 Ne3 18. Bxe3 dxe3 19. Nc3 Rg6 20. g4 h5 21. gxh5 Rg3 22. b6 axb6 23. Kh2 Rg5 24. Nd5 Re6 25. Rad1 Bd6 26. Nf4 Rf6 27. d4 Rxf4 28. Rxf4 Nd3 29. exd3 Bxf4+ 30. Kh1 Ra5 31. Qc2 Qh4 32. Rf1 Qg3 33. Rxf4 Qxf4 34. e5 Qxd4 35. Qe2 Qxe5 36. Be4 Qf4 37. Kg2 Rg5+ 38. Kh1 Qf2 39. Qxf2 exf2 40. Bg2 Rg3 41. Bf1 Kh7 42. Kh2 Rg5 43. h4 Rg4 44. Kh3 f5 45. d4 Rxd4 46. Kg3 Rd2 47. h6 Kxh6 48. c5 bxc5 49. Bc4 f4+ 50. Kg2 Rc2 51. Bf1 c4 52. a4 Ra2 53. a5 Rxa5 54. Bxc4 Rc5 55. Bf1 Rc2 56. Kf3 Rb2 57. Bd3 c5 58. Bf1 Rb1 59. Bc4 f1=Q+ 60. Bxf1 Rxf1+ 61. Kg4 Rc1 62. Kf5 Rc4 63. Kg4 f3+ 64. Kf5 Rxh4 65. Ke5 Rh5+ 66. Kf4 f2 0-1

[Event "Speed Chess Super Swiss"]
[Site "Chess.com INT"]
[Date "2020.10.03"]
[Round "3"]
[White "Zhigalko, Sergei"]
[Black "Khamrakulov, Djurabek"]
[Result "1-0"]
[WhiteElo "2572"]
[BlackElo "2514"]
[PlyCount "55"]
[EventDate "2020.10.03"]
[EventType "swiss (blitz)"]
[EventRounds "15"]
[EventCountry "USA"]
[SourceTitle "CBM 198 Extra"]
[Source "ChessBase"]
[SourceDate "2020.11.30"]
[SourceVersion "1"]
[SourceVersionDate "2020.11.30"]
[SourceQuality "1"]

1. e4 c6 2. d4 d5 3. e5 Bf5 4. Nf3 e6 5. Be2 Nd7 6. O-O h6 7. Nbd2 Ne7 8. Nb3 Qc7 9. a4 g5 10. a5 O-O-O 11. Bd2 Be4 12. Ne1 f6 13. exf6 Nxf6 14. Nc5 Rd6 15. Bb4 Bf5 16. Bd3 Bg7 17. Qe2 Re8 18. c3 Ng6 19. g3 Nf8 20. Ng2 Qf7 21. Rfe1 Qg6 22. Ne3 Bxd3 23. Nxd3 Rdd8 24. a6 Qf7 25. axb7+ Qxb7 26. Nc5 Qb6 27. Ba5 Qb8 28. Qa6+ 1-0

[Event "Speed Chess Super Swiss"]
[Site "Chess.com INT"]
[Date "2020.10.03"]
[Round "4"]
[White "Vasquez Schroder, Rodrigo Rafael"]
[Black "Zhigalko, Sergei"]
[Result "1/2-1/2"]
[WhiteElo "2441"]
[BlackElo "2572"]
[PlyCount "63"]
[EventDate "2020.10.03"]
[EventType "swiss (blitz)"]
[EventRounds "15"]
[EventCountry "USA"]
[SourceTitle "CBM 198 Extra"]
[Source "ChessBase"]
[SourceDate "2020.11.30"]
[SourceVersion "1"]
[SourceVersionDate "2020.11.30"]
[SourceQuality "1"]

1. e4 c5 2. Nf3 Nc6 3. d4 cxd4 4. Nxd4 Nf6 5. Nc3 e5 6. Ndb5 d6 7. Bg5 a6 8. Na3 b5 9. Nd5 Be7 10. Bxf6 Bxf6 11. c3 Bg5 12. Nc2 Ne7 13. Ncb4 O-O 14. Be2 a5 15. Nxe7+ Qxe7 16. Nd5 Qb7 17. Qd3 Rb8 18. O-O Be6 19. Rfd1 Kh8 20. Bf3 g6 21. Qe2 Qa7 22. Rd3 f5 23. Rad1 b4 24. cxb4 axb4 25. b3 Rf7 26. Ne3 fxe4 27. Bxe4 Rbf8 28. Rf1 Rf4 29. Nd5 R4f7 30. Ne3 Rf4 31. Nd5 R4f7 32. Ne3 1/2-1/2

[Event "Speed Chess Super Swiss"]
[Site "Chess.com INT"]
[Date "2020.10.03"]
[Round "5"]
[White "Stupak, Kirill"]
[Black "Zhigalko, Sergei"]
[Result "0-1"]
[WhiteElo "2515"]
[BlackElo "2572"]
[PlyCount "162"]
[EventDate "2020.10.03"]
[EventType "swiss (blitz)"]
[EventRounds "15"]
[EventCountry "USA"]
[SourceTitle "CBM 198 Extra"]
[Source "ChessBase"]
[SourceDate "2020.11.30"]
[SourceVersion "1"]
[SourceVersionDate "2020.11.30"]
[SourceQuality "1"]

1. d4 Nf6 2. c4 e6 3. g3 c5 4. Nf3 cxd4 5. Nxd4 Qc7 6. Nc3 a6 7. Bg2 Qxc4 8. O-O Nc6 9. Nb3 d5 10. Bf4 Be7 11. a3 a5 12. Rc1 Qa6 13. a4 O-O 14. Nb5 Qb6 15. Bc7 Qa6 16. Bf4 Qb6 17. Bc7 Qa6 18. Nc5 Bxc5 19. Rxc5 Bd7 20. Bd6 Qb6 21. Bxf8 Rxf8 22. Rc1 Nb4 23. Qd4 Qd8 24. b3 Bc6 25. Qc5 Na6 26. Qd6 Qb6 27. e3 Rd8 28. Qe5 Bxb5 29. axb5 Qxb5 30. Qd4 h6 31. Rfd1 Nb4 32. Bf1 Qd7 33. Qb6 Qd6 34. Qxa5 Ne4 35. Bg2 Nf6 36. Qc5 Qxc5 37. Rxc5 Nc6 38. Rb5 Rd7 39. Ra1 Kf8 40. Ra8+ Ke7 41. Bf1 Ne8 42. Rc5 Kd6 43. Rc1 Nc7 44. Rg8 g6 45. Be2 h5 46. Rh8 Re7 47. h4 Rd7 48. Kg2 Re7 49. Bf3 Rd7 50. Be2 Ne5 51. f4 Nc6 52. Bf3 Ke7 53. Be2 Rd8 54. Re8+ Kxe8 55. b4 Kd7 56. b5 Na5 57. b6 Na6 58. Bb5+ Nc6 59. Rxc6 bxc6 60. Bxa6 Rb8 61. b7 Kc7 62. Kf3 Rxb7 63. Bd3 Rb4 64. Bxg6 fxg6 65. g4 hxg4+ 66. Kxg4 Rb3 67. Kg5 Rxe3 68. Kxg6 Rg3+ 69. Kh5 Rh3 70. Kg4 Rh1 71. h5 d4 72. Kg5 d3 73. f5 d2 74. fxe6 d1=Q 75. e7 Qe1 76. Kf6 Kd7 77. e8=Q+ Qxe8 78. Kg5 Qe7+ 79. Kf4 Rf1+ 80. Kg3 Qe3+ 81. Kg2 Rf2+ 0-1

[Event "Speed Chess Super Swiss"]
[Site "Chess.com INT"]
[Date "2020.10.03"]
[Round "6"]
[White "Zhigalko, Sergei"]
[Black "Quparadze, Giga"]
[Result "1-0"]
[WhiteElo "2572"]
[BlackElo "2463"]
[PlyCount "95"]
[EventDate "2020.10.03"]
[EventType "swiss (blitz)"]
[EventRounds "15"]
[EventCountry "USA"]
[SourceTitle "CBM 198 Extra"]
[Source "ChessBase"]
[SourceDate "2020.11.30"]
[SourceVersion "1"]
[SourceVersionDate "2020.11.30"]
[SourceQuality "1"]

1. e4 c5 2. Nf3 e6 3. c3 d5 4. e5 d4 5. Bd3 Bd7 6. O-O Bc6 7. Re1 Ne7 8. b4 Ng6 9. b5 Bd5 10. c4 Bxf3 11. Qxf3 Qc7 12. Bxg6 hxg6 13. d3 Nd7 14. Bf4 Rh5 15. Nd2 Be7 16. g4 Rh8 17. Bg3 Kf8 18. a4 Kg8 19. a5 Rf8 20. a6 b6 21. Re2 Bg5 22. Ne4 Nxe5 23. Qg2 Be7 24. Nxc5 Bxc5 25. Rxe5 Bd6 26. Re4 Bxg3 27. Qxg3 Qd7 28. Qe5 Rd8 29. Kg2 Kh7 30. Rae1 Kg8 31. Rf4 Qe7 32. h3 Qb4 33. Ree4 Qc5 34. Re2 Qxe5 35. Rxe5 g5 36. Rxg5 Rd6 37. Kf3 f6 38. Rxf6 Rxh3+ 39. Ke2 Rh2 40. Rf4 Rh6 41. Re5 Rf6 42. Kf3 Kf7 43. Ree4 e5 44. Rxe5 Kg6 45. Rxf6+ Rxf6+ 46. Kg3 Rf8 47. Rd5 Rh8 48. Rd6+ 1-0

[Event "Speed Chess Super Swiss"]
[Site "Chess.com INT"]
[Date "2020.10.03"]
[Round "7"]
[White "Zhigalko, Sergei"]
[Black "Artemiev, Vladislav"]
[Result "0-1"]
[WhiteElo "2572"]
[BlackElo "2716"]
[PlyCount "82"]
[EventDate "2020.10.03"]
[EventType "swiss (blitz)"]
[EventRounds "15"]
[EventCountry "USA"]
[SourceTitle "CBM 198 Extra"]
[Source "ChessBase"]
[SourceDate "2020.11.30"]
[SourceVersion "1"]
[SourceVersionDate "2020.11.30"]
[SourceQuality "1"]

1. e4 c6 2. d4 d5 3. e5 Bf5 4. Nf3 e6 5. Be2 Nd7 6. O-O Bg6 7. Nbd2 Nh6 8. Nb3 Be7 9. a4 O-O 10. a5 c5 11. Bxh6 gxh6 12. Nxc5 Nxc5 13. dxc5 Bxc5 14. c3 Qc7 15. Ra4 Kh8 16. Qd2 h5 17. Rc1 Rg8 18. Qf4 Be7 19. c4 Rac8 20. Raa1 Qc5 21. Ng5 Kg7 22. h4 h6 23. Nf3 Rgd8 24. Nd2 dxc4 25. Rxc4 Qd5 26. Bf3 Qb5 27. b3 Rc5 28. Rxc5 Qxc5 29. Ne4 Qb4 30. Qe3 Qd4 31. Qxd4 Rxd4 32. Nd6 b6 33. g3 Bxd6 34. exd6 Rxd6 35. axb6 axb6 36. Be2 Rd2 37. Bc4 Be4 38. Kf1 Bf3 39. Ke1 Rd4 40. Rc1 Kf6 41. Rc3 Rd1# 0-1

[Event "Speed Chess Super Swiss"]
[Site "Chess.com INT"]
[Date "2020.10.03"]
[Round "8"]
[White "Ponkratov, Pavel"]
[Black "Zhigalko, Sergei"]
[Result "0-1"]
[WhiteElo "2628"]
[BlackElo "2572"]
[PlyCount "96"]
[EventDate "2020.10.03"]
[EventType "swiss (blitz)"]
[EventRounds "15"]
[EventCountry "USA"]
[SourceTitle "CBM 198 Extra"]
[Source "ChessBase"]
[SourceDate "2020.11.30"]
[SourceVersion "1"]
[SourceVersionDate "2020.11.30"]
[SourceQuality "1"]

1. d4 Nf6 2. c4 e6 3. Nc3 Bb4 4. Bd2 O-O 5. Rc1 b6 6. e3 Bb7 7. Nf3 a6 8. Bd3 d5 9. cxd5 exd5 10. O-O Bd6 11. Ne5 c5 12. f4 Nc6 13. Ne2 c4 14. Bb1 b5 15. Ng3 Ne7 16. Qf3 Rc8 17. Nf5 Ne4 18. Nxd6 Qxd6 19. Bxe4 dxe4 20. Qh3 f6 21. Ng4 b4 22. Nf2 a5 23. Kh1 Rfe8 24. f5 Nd5 25. Ng4 Qd7 26. Qg3 Ba6 27. Rf2 Kh8 28. h4 c3 29. bxc3 bxc3 30. Be1 Bd3 31. h5 h6 32. Qh4 a4 33. a3 c2 34. Kh2 Rc6 35. Rd2 Qxf5 36. Bg3 Rec8 37. Nf2 Nxe3 38. Nxd3 exd3 39. Bf4 Nd5 40. Bg3 Nc3 41. Rf2 Qe4 42. Qh3 Ne2 43. Re1 c1=Q 44. Rxc1 Rxc1 45. Qd7 Rg8 46. Rf3 Nxg3 47. Rxg3 Qf4 48. d5 Qe5 0-1

[Event "Speed Chess Super Swiss"]
[Site "Chess.com INT"]
[Date "2020.10.03"]
[Round "9"]
[White "So, Wesley"]
[Black "Zhigalko, Sergei"]
[Result "1-0"]
[WhiteElo "2770"]
[BlackElo "2572"]
[PlyCount "69"]
[EventDate "2020.10.03"]
[EventType "swiss (blitz)"]
[EventRounds "15"]
[EventCountry "USA"]
[SourceTitle "CBM 198 Extra"]
[Source "ChessBase"]
[SourceDate "2020.11.30"]
[SourceVersion "1"]
[SourceVersionDate "2020.11.30"]
[SourceQuality "1"]

1. e4 c5 2. Nf3 Nc6 3. Bb5 Nf6 4. Nc3 Qc7 5. O-O Nd4 6. Re1 a6 7. Bf1 Ng4 8. e5 h5 9. Nd5 Qc6 10. c4 e6 11. Nxd4 cxd4 12. Nf4 d6 13. exd6 Bxd6 14. d3 Nxh2 15. Be2 Qc7 16. Nxh5 Kf8 17. Bd2 g6 18. Nf6 b6 19. Qc1 Kg7 20. Bh6+ Rxh6 21. Ne8+ Kh7 22. Nf6+ Kg7 23. Ne8+ Kh7 24. Nxc7 Bxc7 25. c5 b5 26. g3 e5 27. Kg2 Ng4 28. Rh1 Rxh1 29. Qxh1+ Kg7 30. Qh4 Bb7+ 31. Bf3 Bxf3+ 32. Kxf3 Nh6 33. Rh1 Rh8 34. g4 f6 35. g5 1-0

[Event "Speed Chess Super Swiss"]
[Site "Chess.com INT"]
[Date "2020.10.03"]
[Round "10"]
[White "Zhigalko, Sergei"]
[Black "Gordievsky, Dmitry"]
[Result "1-0"]
[WhiteElo "2572"]
[BlackElo "2559"]
[PlyCount "71"]
[EventDate "2020.10.03"]
[EventType "swiss (blitz)"]
[EventRounds "15"]
[EventCountry "USA"]
[SourceTitle "CBM 198 Extra"]
[Source "ChessBase"]
[SourceDate "2020.11.30"]
[SourceVersion "1"]
[SourceVersionDate "2020.11.30"]
[SourceQuality "1"]

1. e4 e5 2. Nf3 Nf6 3. d4 Nxe4 4. Bd3 d5 5. Nxe5 Nd7 6. Nxd7 Bxd7 7. O-O Bd6 8. Nc3 Nxc3 9. bxc3 O-O 10. Qh5 f5 11. Re1 h6 12. c4 Qf6 13. c3 dxc4 14. Bxc4+ Kh7 15. Bd3 Rae8 16. Bd2 b5 17. Qf3 c6 18. a4 Rxe1+ 19. Bxe1 bxa4 20. Rxa4 Qe6 21. Bd2 c5 22. Rxa7 cxd4 23. cxd4 Bb8 24. Ra6 Qf7 25. g3 Bc8 26. Ra5 Kh8 27. Qd5 Qh5 28. Ra1 Qg4 29. Bb4 Re8 30. Qf7 Rd8 31. Be7 Qxd4 32. Rd1 Ba7 33. Rd2 Bb7 34. Bxd8 Be4 35. Qe8+ Kh7 36. Bxe4 1-0

[Event "Speed Chess Super Swiss"]
[Site "Chess.com INT"]
[Date "2020.10.03"]
[Round "11"]
[White "Klekowski, Maciej"]
[Black "Zhigalko, Sergei"]
[Result "1-0"]
[WhiteElo "2512"]
[BlackElo "2572"]
[PlyCount "95"]
[EventDate "2020.10.03"]
[EventType "swiss (blitz)"]
[EventRounds "15"]
[EventCountry "USA"]
[SourceTitle "CBM 198 Extra"]
[Source "ChessBase"]
[SourceDate "2020.11.30"]
[SourceVersion "1"]
[SourceVersionDate "2020.11.30"]
[SourceQuality "1"]

1. e4 c5 2. Nf3 Nc6 3. d4 cxd4 4. Nxd4 Nf6 5. Nc3 e5 6. Ndb5 d6 7. Bg5 a6 8. Na3 b5 9. Nd5 Be7 10. Bxf6 Bxf6 11. c4 b4 12. Nc2 O-O 13. Be2 a5 14. O-O Bg5 15. Qd3 Be6 16. Rad1 Rb8 17. b3 Kh8 18. Nde3 Qb6 19. Nf5 Rbd8 20. g3 g6 21. Nfe3 f5 22. exf5 gxf5 23. f4 Bh6 24. Kh1 e4 25. Qd2 Bg7 26. g4 Bc3 27. Qc1 fxg4 28. Bxg4 Bf7 29. Nd5 Bxd5 30. cxd5 Na7 31. Qe3 Qxe3 32. Nxe3 Nb5 33. Be6 Rf6 34. f5 Rh6 35. Ng4 Rh4 36. f6 Rf8 37. f7 Nd4 38. Nf6 Nf3 39. Rxf3 exf3 40. Nd7 Rxf7 41. Bxf7 Bd4 42. Be6 f2 43. Kg2 Re4 44. Rf1 Re2 45. Nb8 Rxa2 46. Nc6 Kg7 47. Nxd4 Kf6 48. Rxf2+ 1-0

[Event "Speed Chess Super Swiss"]
[Site "Chess.com INT"]
[Date "2020.10.03"]
[Round "12"]
[White "Zhigalko, Sergei"]
[Black "Smirnov, Pavel"]
[Result "0-1"]
[WhiteElo "2572"]
[BlackElo "2544"]
[PlyCount "62"]
[EventDate "2020.10.03"]
[EventType "swiss (blitz)"]
[EventRounds "15"]
[EventCountry "USA"]
[SourceTitle "CBM 198 Extra"]
[Source "ChessBase"]
[SourceDate "2020.11.30"]
[SourceVersion "1"]
[SourceVersionDate "2020.11.30"]
[SourceQuality "1"]

1. e4 c5 2. Nf3 Nc6 3. c3 Nf6 4. e5 Nd5 5. Bc4 Nb6 6. Bb3 d5 7. exd6 Qxd6 8. Na3 a6 9. O-O Bf5 10. d4 cxd4 11. Nxd4 Nxd4 12. cxd4 e6 13. Qf3 Qd7 14. Qg3 Bd6 15. Bf4 Bxf4 16. Qxf4 O-O 17. Rad1 Rac8 18. Rfe1 Rfd8 19. h3 Nd5 20. Qf3 b5 21. Rc1 Nb4 22. Rcd1 Bg6 23. h4 h6 24. h5 Bf5 25. Re5 Nc6 26. Ree1 Nxd4 27. Qe3 Qd6 28. Kh1 Qc5 29. Rc1 Qb6 30. Rxc8 Rxc8 31. Bd1 b4 0-1

[Event "Speed Chess Super Swiss"]
[Site "Chess.com INT"]
[Date "2020.10.03"]
[Round "13"]
[White "Zhigalko, Sergei"]
[Black "Lenderman, Aleksandr"]
[Result "0-1"]
[WhiteElo "2572"]
[BlackElo "2634"]
[PlyCount "130"]
[EventDate "2020.10.03"]
[EventType "swiss (blitz)"]
[EventRounds "15"]
[EventCountry "USA"]
[SourceTitle "CBM 198 Extra"]
[Source "ChessBase"]
[SourceDate "2020.11.30"]
[SourceVersion "1"]
[SourceVersionDate "2020.11.30"]
[SourceQuality "1"]

1. e4 e6 2. d4 d5 3. e5 c5 4. c3 Nc6 5. Nf3 Bd7 6. Be2 cxd4 7. cxd4 Nge7 8. Nc3 Nf5 9. O-O a6 10. a3 Qb6 11. Na4 Qa7 12. Be3 Be7 13. Bd3 O-O 14. Rc1 Rac8 15. Nc5 Bxc5 16. Rxc5 Nce7 17. Rxc8 Rxc8 18. Qb3 Nxe3 19. fxe3 Nf5 20. Bxf5 exf5 21. Qxd5 Be6 22. Qd6 h6 23. Nh4 Rc6 24. Qd8+ Kh7 25. Nxf5 Bxf5 26. Rxf5 Rc1+ 27. Rf1 Rxf1+ 28. Kxf1 a5 29. Qd6 a4 30. e6 fxe6 31. Qxe6 Qa5 32. Qe4+ Kh8 33. Qc2 Qg5 34. Qd3 Qh4 35. d5 Qf6+ 36. Ke1 Qxb2 37. d6 Qa1+ 38. Ke2 Qb2+ 39. Ke1 Qa1+ 40. Kf2 Qf6+ 41. Ke2 Qb2+ 42. Kf3 Qf6+ 43. Kg3 Qg5+ 44. Kf2 Qf6+ 45. Kg1 Qa1+ 46. Qf1 Qxa3 47. Qf8+ Kh7 48. Qf5+ Kh8 49. Qf8+ Kh7 50. Qf5+ Kh8 51. d7 Qxe3+ 52. Kf1 Qe7 53. Qd5 Qf6+ 54. Ke2 Qb2+ 55. Kd3 Qb1+ 56. Ke3 Qe1+ 57. Kd4 Qd2+ 58. Ke5 Qg5+ 59. Kd6 Qd8 60. Qe5 Qb8+ 61. Ke6 Qd8 62. Qh5 Qf6+ 63. Kd5 Qc6+ 64. Ke5 Qxd7 65. Qe2 Qe7+ 0-1

[Event "Speed Chess Super Swiss"]
[Site "Chess.com INT"]
[Date "2020.10.03"]
[Round "14"]
[White "Carlstedt, Jonathan"]
[Black "Zhigalko, Sergei"]
[Result "1/2-1/2"]
[WhiteElo "2451"]
[BlackElo "2572"]
[PlyCount "107"]
[EventDate "2020.10.03"]
[EventType "swiss (blitz)"]
[EventRounds "15"]
[EventCountry "USA"]
[SourceTitle "CBM 198 Extra"]
[Source "ChessBase"]
[SourceDate "2020.11.30"]
[SourceVersion "1"]
[SourceVersionDate "2020.11.30"]
[SourceQuality "1"]

1. d4 Nf6 2. Bf4 e6 3. e3 d5 4. Nf3 Bd6 5. Bg3 O-O 6. Nbd2 b6 7. c4 Bb7 8. cxd5 Nxd5 9. a3 Nd7 10. Bd3 Qe7 11. Qc2 f5 12. b4 Rac8 13. O-O c5 14. dxc5 bxc5 15. b5 Kh8 16. Bxd6 Qxd6 17. Nc4 Qe7 18. Rfd1 f4 19. e4 N5b6 20. a4 Nxc4 21. Qxc4 Nb6 22. Qc3 c4 23. Bc2 Nd7 24. a5 Nf6 25. Re1 Qc5 26. Rab1 Rfd8 27. a6 Ba8 28. Qe5 Qxe5 29. Nxe5 Kg8 30. Rbc1 Rc5 31. Nf3 Rxb5 32. Bb1 Rc5 33. Ba2 Bxe4 34. Bxc4 Kf8 35. Bxe6 Rxc1 36. Rxc1 Rd6 37. Bc8 Nd5 38. Bb7 Nc3 39. Kf1 Bd3+ 40. Ke1 Nb5 41. Kd2 Bf1+ 42. Ke1 Bxg2 43. Ne5 Bd5 44. Rc5 Be6 45. Nc6 Nc7 46. Nb8 Nd5 47. Nc6 Bg4 48. Nxa7 Nc3 49. f3 Rd1+ 50. Kf2 Rd2+ 51. Kg1 Rd1+ 52. Kf2 Rd2+ 53. Kg1 Rd1+ 54. Kf2 1/2-1/2

[Event "Speed Chess Super Swiss"]
[Site "Chess.com INT"]
[Date "2020.10.03"]
[Round "15"]
[White "Zhigalko, Sergei"]
[Black "Gelman, Alexander"]
[Result "0-1"]
[WhiteElo "2572"]
[BlackElo "2403"]
[PlyCount "72"]
[EventDate "2020.10.03"]
[EventType "swiss (blitz)"]
[EventRounds "15"]
[EventCountry "USA"]
[SourceTitle "CBM 198 Extra"]
[Source "ChessBase"]
[SourceDate "2020.11.30"]
[SourceVersion "1"]
[SourceVersionDate "2020.11.30"]
[SourceQuality "1"]

1. e4 c5 2. Nf3 e6 3. c3 d5 4. exd5 exd5 5. d4 Nc6 6. Bb5 Nf6 7. O-O Bd6 8. Re1+ Be6 9. dxc5 Bxc5 10. Be3 Bxe3 11. Rxe3 Qb6 12. Bxc6+ bxc6 13. b3 O-O 14. h3 c5 15. Nbd2 Rfd8 16. Qe1 h6 17. Ne5 a5 18. Rb1 d4 19. cxd4 cxd4 20. Rg3 Bf5 21. Rd1 Re8 22. Ndc4 Qc5 23. Rf3 Be4 24. Rxf6 gxf6 25. Ng4 Kg7 26. Qd2 Qg5 27. Qxd4 h5 28. Nge3 Bf3 29. h4 Qg6 30. Rd3 Re4 31. Qc3 Rae8 32. Kf1 Rxe3 33. Nxe3 Rxe3 34. Rxe3 Qxg2+ 35. Ke1 Qg1+ 36. Kd2 Qd1# 0-1